Con subsidio, sin derecho: la situación del derecho a una vivienda adecuada en Chile
محفوظ في:
| المؤلفون الرئيسيون: | , , |
|---|---|
| التنسيق: | كتاب |
| اللغة: | الإسبانية |
| منشور في: |
Santiago
Ediciones SUR
2015
|
| الطبعة: | 1a. ed |
| الموضوعات: | |
| الوسوم: |
إضافة وسم
لا توجد وسوم, كن أول من يضع وسما على هذه التسجيلة!
|
MARC
| LEADER | 00000cam a2200000 a 4500 | ||
|---|---|---|---|
| 001 | UCC5777 | ||
| 003 | CL-VaPUC | ||
| 008 | 181026e20150000cl |||||||||||||||||spa|d | ||
| 020 | |a 9789562080996 | ||
| 082 | 0 | 4 | |a 344.063635 |b ROD |2 21 |
| 100 | 0 | |a Rodríguez, Alfredo |e author |9 600139 | |
| 700 | 0 | |a Rodríguez, Paula |e author |9 600140 | |
| 700 | 0 | |a Sugranyes, Ana |e author |9 600141 | |
| 245 | 1 | 0 | |a Con subsidio, sin derecho: la situación del derecho a una vivienda adecuada en Chile |
| 250 | |a 1a. ed | ||
| 300 | |a 312 p | ||
| 942 | |c BK | ||
| 945 | |d 20181026 16:22:00 |a dcastane | ||
| 260 | |a Santiago |b Ediciones SUR |c 2015 | ||
| 650 | 0 | |a Vivienda |9 258662 | |
| 650 | 0 | |a Derecho y legislación |9 255077 | |
| 650 | 0 | |a Derecho público |9 255910 | |
| 650 | 7 | |a POLITICA HABITACIONAL |2 CL-VaPUC |9 266843 | |
| 650 | 7 | |a SUBSIDIO HABITACIONAL |2 CL-VaPUC |9 535898 | |
| 583 | |a last modification |c 20181026 16:22:00 |k Rodrigo Vera | ||
| 999 | |c 372891 |d 372889 | ||
| 952 | |0 0 |1 0 |3 erb |4 0 |6 344_063635000000000_ROD_2015 |7 0 |8 A |9 490766 |a BIBDER |b BIBDER |i 5510295 |o 344.063635 ROD 2015 |p 5510295 |r 2023-01-25 |w 2019-11-24 |y BK |z Catalogado en:20181026 |k DER | ||